000 00553nam a2200253Ia 4500
001 3787
003 7627
005 20241224062739.0
008 ||||||n9999 ||| || ||
020 _a8433533304
041 _aspa
082 _219
_a332
100 _aSayers, R.S.
_96995
245 0 _aLa banca en Europa occidental
260 _aEspaƱa :
_bEditorial Labor,
_c1973.
300 _a376p
562 _e1
650 0 _aBancos
_96760
650 _aEUROPA
_9478
942 _cBKM
999 _c3787
_d3787
526 _a4969
526 _a51868
526 _a1697